000 00216nam a2200097Ia 4500
005 20251222114351.0
008 251222s1900||||xx |||||||||||||| ||spa||
082 _aDVD0092/E56/2003
245 0 _aEncrucijada
942 _cDVD
999 _c1260
_d1260